000 01393cam a2200337 i 4500
999 _c16926
_d16926
001 4819350
003 EG-ScBUE
005 20200106132452.0
008 890111t1989 nyu f 001 0 eng d
020 _a0062700502
020 _a9780062700506
040 _aDLC
_beng
_erda
_cDLC
_dDLC
_dEG-ScBUE
082 0 4 _a809
_bMAS
_222
245 0 0 _aMasterpieces of world literature /
_cedited by Frank N. Magill.
246 3 4 _aMasterpieces of world literature :
_bplot summaries, descriptions of principal characters, critical evaluations and the significance of the major works of world literature
264 1 _aNew York :
_bHarper Collins Publishers,
_c[1989]
264 4 _cc 1989
300 _axvii, 957, ix pages ;
_c25 cm
336 _2rdacontent
_atext
_btxt
337 _2rdamedia
_aunmediated
_bn
338 _2rdacarrier
_avolume
_bnc
500 _aIncludes index.
520 _a Plot summaries and critical evaluations of 270 classic literary works, from ancient to modern, are provided, along with discussions of each work's literary significance and character sketches.
590 _aAml Khaled
650 7 _aLiterature
_vStories, plots, etc.
_2BUEsh
_930808
650 7 _aLiterature
_xHistory and criticism
_2BUEsh
_930809
653 _bHHUUEENN
_cJuly2019
655 _vReading book
700 1 _aMagill, Frank N.
_q(Frank Northen),
_d1907-1997,
_eeditor.
_930810
942 _2ddc
_cBB